000 00570nam a2200217Ia 4500
003 OSt
005 20220928143040.0
006 a|||||r|||| 00| 0
007 ta
008 220927b |||||||| |||| 00| 0 eng d
024 _a20688
037 _cTextual
040 _aSDCL
_cSDCL
_beng
041 _2eng
_aeng
082 _aW691y7M18, L7
100 _aSeliger Martin
_9504317
245 0 _aMarxist conception of ideology
_b A critical essay
260 _c1977
942 _hW691y7M18, L7
_cTEXL
_2CC
999 _c822786
_d822786